000 00663cam a2200193 4500
001 1247
005 20181127162954.0
008 051021s2005 ii b 000 0 eng
020 _a9788184950298
043 _aa-ii---
245 0 0 _aKautilya's Arthashastra :
_bThe way of financial management and economic governance.
260 _aAhmedabad :
_bJaico Publishing House,
_c2009.
300 _a168 p. ;
_c23 cm.
504 _aIncludes bibliographical references (167-68).
600 0 0 _aKautilya.
_tArthashastra.
650 0 _aPolitical science
_zIndia
_xHistory.
651 _aIndia --Economic conditions.
_v
_x
_y
_z
_2
651 0 _aIndia
_xPolitics and government
_yTo 997.
999 _c887
_d887